Aspectal usage in modern Russian
Kaydedildi:
| Yazar: | |
|---|---|
| Materyal Türü: | Kitap |
| Dil: | Undetermined |
| Baskı/Yayın Bilgisi: |
Moscú, Rusia
Russky Yazyk
1984
|
| Konular: | |
| Etiketler: |
Etiketle
Etiket eklenmemiş, İlk siz ekleyin!
|
MARC
| LEADER | 00000nam a2200000Ia 4500 | ||
|---|---|---|---|
| 008 | 170316s9999 xx 000 0 und d | ||
| 090 | |a 415-R R-1a | ||
| 100 | |a Rassudova, O. P. | ||
| 245 | |a Aspectal usage in modern Russian | ||
| 260 | |a Moscú, Rusia | ||
| 260 | |b Russky Yazyk | ||
| 260 | |c 1984 | ||
| 300 | |a 200 páginas | ||
| 650 | |a GRAMÁTICA RUSA | ||
| 999 | |c 19686 |d 19686 | ||
| 040 | |a cru BVZT | ||
| 942 | |c 15 D |h 415-R R-1a |2 z | ||
